[Event "CHI-ch U20 Girls"]
[Site "Los Angeles"]
[Date "2016.01.20"]
[Round "5.2"]
[White "Gomez Barrera, Javiera Belen"]
[Black "Poblete Moena, Evelyn"]
[Result "1-0"]
[WhiteElo "1952"]
[BlackElo "1162"]
[PlyCount "73"]
[EventDate "2016.01.18"]
[EventType "swiss"]
[EventRounds "9"]
[EventCountry "CHI"]
[SourceTitle "EXT 2024"]
[Source "ChessBase"]
[SourceDate "2023.10.10"]
[SourceVersion "1"]
[SourceVersionDate "2023.10.10"]
[SourceQuality "1"]

1. e4 e6 2. d4 d5 3. Nc3 Nf6 4. e5 Nfd7 5. f4 c5 6. Nf3 Qb6 7. Be3 Nc6 8. a3 cxd4 9. Nxd4 Nxd4 10. Bxd4 Bc5 11. Na4 Qa5+ 12. b4 Qxa4 13. bxc5 Qa5+ 14. Qd2 Qxd2+ 15. Kxd2 0-0 16. c4 b6 17. cxb6 Nxb6 18. cxd5 Nxd5 19. g3 Rd8 20. Bg2 Ba6 21. Rhd1 Rac8 22. Ke1 Rc2 23. Bf3 Rxh2 24. Bf2 f6 25. f5 Kf7 26. fxe6+ Kxe6 27. Rac1 Bb7 28. Kf1 Ne3+ 29. Bxe3 Rxd1+ 30. Bxd1 Rh1+ 31. Bg1 Ba6+ 32. Kf2 Bb7 33. exf6 Kxf6 34. Bf3 Bxf3 35. Kxf3 Rh5 36. Rc6+ Ke7 37. Rc7+ 1-0

[Event "CHI BioBio Region-ch U18"]
[Site "Los Angeles"]
[Date "2015.07.20"]
[Round "2.1"]
[White "Poblete Moena, Evelyn"]
[Black "Vargas Alarcon, Marcelo"]
[Result "1/2-1/2"]
[WhiteElo "1085"]
[BlackElo "1504"]
[PlyCount "87"]
[EventDate "2015.07.20"]
[EventType "tourn"]
[EventRounds "9"]
[EventCountry "CHI"]
[SourceTitle "EXT 2024"]
[Source "ChessBase"]
[SourceDate "2023.10.10"]
[SourceVersion "1"]
[SourceVersionDate "2023.10.10"]
[SourceQuality "1"]

1. d4 Nf6 2. Bf4 e6 3. Nf3 c5 4. c3 b6 5. e3 Bb7 6. Nbd2 Nc6 7. h3 Be7 8. Bd3 0-0 9. 0-0 cxd4 10. cxd4 d5 11. Ne5 Nb4 12. Be2 Rc8 13. a3 Nc6 14. Bd3 Nxe5 15. dxe5 Ne4 16. Bxe4 dxe4 17. Rc1 Rxc1 18. Qxc1 Qc8 19. Bg3 Qxc1 20. Rxc1 Rc8 21. Rxc8+ Bxc8 22. Nxe4 Kf8 23. Kf1 Ba6+ 24. Ke1 Bb7 25. Nd6 Bxd6 26. exd6 Bxg2 27. h4 Ke8 28. Kd2 Kd7 29. Kd3 Bc6 30. e4 f6 31. e5 f5 32. f4 Ke8 33. b4 Bb5+ 34. Ke3 Kf7 35. Bh2 Kg6 36. Kf3 Kh5 37. Kg3 h6 38. Bg1 g5 39. fxg5 hxg5 40. hxg5 Kxg5 41. Be3+ Kh5 42. Kf4 Kg6 43. Bf2 Kh6 44. Bh4 1/2-1/2